[Event "SUI-chT"]
[Site "Switzerland"]
[Date "2013.04.28"]
[Round "2.4"]
[White "Knoedler, Dieter"]
[Black "Gerber, Richard"]
[Result "0-1"]
[WhiteElo "2344"]
[BlackElo "2416"]
[PlyCount "102"]
[EventDate "2013.03.17"]
[EventType "team-tourn"]
[EventRounds "9"]
[EventCountry "SUI"]
[SourceTitle "EXT 2014"]
[Source "ChessBase"]
[SourceDate "2013.11.20"]
[SourceVersion "1"]
[SourceVersionDate "2013.11.20"]
[SourceQuality "1"]
[WhiteTeam "Bodan"]
[BlackTeam "Geneve"]
[WhiteTeamCountry "SUI"]
[BlackTeamCountry "SUI"]

1. c4 Nf6 2. g3 g6 3. Bg2 Bg7 4. Nc3 0-0 5. e4 d6 6. Nge2 c5 7. 0-0 Nc6 8. d3 Bg4 9. f3 Bd7 10. Be3 a6 11. Qd2 Rb8 12. d4 cxd4 13. Nxd4 b5 14. cxb5 Nxd4 15. Bxd4 axb5 16. b4 Rc8 17. Rac1 Rc4 18. Ne2 Be6 19. Rxc4 Bxc4 20. Rd1 Qa8 21. Nc3 Qa3 22. f4 Qxb4 23. e5 dxe5 24. fxe5 Ng4 25. Qf4 h5 26. h3 Nh6 27. g4 hxg4 28. hxg4 Rd8 29. Bf3 Be6 30. a3 Qa5 31. Rb1 Bc4 32. Qe3 Qa6 33. Ne4 Bd5 34. Be2 Qc8 35. Nf2 Ba8 36. Bc3 Qc6 37. Qh3 Rd5 38. Rd1 Bxe5 39. Bd2 Rxd2 40. Rxd2 Kg7 41. Bf1 Bd6 42. Rb2 f6 43. Rxb5 Nf7 44. Qe3 Ne5 45. Rxe5 Bxe5 46. g5 Bd6 47. gxf6+ exf6 48. Nd3 Bc7 49. Qe7+ Kg8 50. Nc5 Qh1+ 51. Kf2 Qf3+ 0-1

[Event "Zuerich op 36th"]
[Site "Zuerich"]
[Date "2012.12.29"]
[Round "5"]
[White "Sanikidze, Tornike"]
[Black "Knoedler, Dieter"]
[Result "1-0"]
[WhiteElo "2567"]
[BlackElo "2342"]
[PlyCount "43"]
[EventDate "2012.12.26"]
[EventType "swiss"]
[EventRounds "7"]
[EventCountry "SUI"]
[SourceTitle "CBM 152 Extra"]
[Source "ChessBase"]
[SourceDate "2013.02.25"]
[SourceVersion "1"]
[SourceVersionDate "2013.02.25"]
[SourceQuality "1"]

1. Nf3 Nf6 2. c4 e6 3. g3 b6 4. d4 Ba6 5. Qa4 Bb7 6. Bg2 c5 7. dxc5 Bxc5 8. 0-0 0-0 9. Nc3 Be7 10. Rd1 d6 11. Bf4 a6 12. Ng5 Bxg2 13. Kxg2 Ra7 14. Nge4 Nxe4 15. Nxe4 Rd7 16. Rd3 f5 17. Nc3 Qc7 18. Qb3 Rc8 19. Na4 Qc6+ 20. Kg1 Rb7 21. Rad1 Qxc4 22. Rc3 1-0

[Event "Zuerich op 36th"]
[Site "Zuerich"]
[Date "2012.12.27"]
[Round "3"]
[White "Leutwyler, Martin"]
[Black "Knoedler, Dieter"]
[Result "0-1"]
[WhiteElo "2179"]
[BlackElo "2342"]
[PlyCount "116"]
[EventDate "2012.12.26"]
[EventType "swiss"]
[EventRounds "7"]
[EventCountry "SUI"]
[SourceTitle "CBM 152 Extra"]
[Source "ChessBase"]
[SourceDate "2013.02.25"]
[SourceVersion "1"]
[SourceVersionDate "2013.02.25"]
[SourceQuality "1"]

1. d4 e6 2. c4 Nf6 3. Nf3 Bb4+ 4. Bd2 c5 5. g3 Qb6 6. e3 Nc6 7. Bg2 Bxd2+ 8. Qxd2 Ne4 9. dxc5 Nxd2 10. cxb6 Nxc4 11. bxa7 Nxb2 12. Nc3 Rxa7 13. 0-0 Nc4 14. Rfc1 Na3 15. Bf1 Ra5 16. Nd2 Ke7 17. Nb3 Ra7 18. Nb5 Nxb5 19. Bxb5 Ra3 20. Rc4 Na7 21. Rb4 Rd8 22. Nc1 d5 23. Rab1 Rd6 24. Bf1 Rc6 25. R4b2 Kd6 26. Nd3 Rcc3 27. Rd1 Nc6 28. Nf4 g5 29. Ne2 Rc5 30. Nc1 Kc7 31. Nb3 Rc3 32. Bb5 Bd7 33. Kf1 Bc8 34. Ke2 Na7 35. Bd3 h6 36. f4 Kd6 37. fxg5 hxg5 38. h4 e5 39. Kd2 Rc7 40. hxg5 Ra4 41. Ke1 Rg4 42. Kf2 Nc6 43. Rbd2 Ne7 44. Rh1 Rxg5 45. Rh6+ Be6 46. Be4 Rc4 47. Bf3 b6 48. Rb2 Nf5 49. Rh8 Rc3 50. Nd2 Nxe3 51. Nb1 Rd3 52. Rxb6+ Ke7 53. a4 Nc4 54. Rb7+ Kd6 55. Be2 Rdxg3 56. Bxc4 dxc4 57. a5 Rg2+ 58. Kf1 Rg1+ 0-1

[Event "Bodensee-Cup 18th"]
[Site "Lindau"]
[Date "2012.05.06"]
[Round "3.4"]
[White "Pfrommer, Christoph"]
[Black "Knoedler, Dieter"]
[Result "1/2-1/2"]
[WhiteElo "2367"]
[BlackElo "2343"]
[PlyCount "100"]
[EventDate "2012.05.04"]
[EventType "team-tourn"]
[EventRounds "3"]
[EventCountry "GER"]
[SourceTitle "EXT 2015"]
[Source "ChessBase"]
[SourceDate "2014.11.20"]
[SourceVersion "1"]
[SourceVersionDate "2014.11.20"]
[SourceQuality "1"]
[WhiteTeam "Baden"]
[BlackTeam "Wuerttemberg"]
[WhiteTeamCountry "GER"]
[BlackTeamCountry "GER"]

1. Nf3 Nf6 2. g3 b6 3. Bg2 Bb7 4. 0-0 e6 5. c4 c5 6. Nc3 Be7 7. d4 cxd4 8. Qxd4 d6 9. Bg5 a6 10. Bxf6 Bxf6 11. Qf4 0-0 12. Rfd1 Be7 13. Ne4 Bxe4 14. Qxe4 Ra7 15. Rd2 Rc7 16. Rad1 Qc8 17. b3 Nd7 18. Qb1 Rc5 19. a4 Qc7 20. Nd4 Rc8 21. e3 g6 22. Qa2 Nf6 23. Bf1 Ne4 24. Rc2 e5 25. Bd3 Ng5 26. h4 exd4 27. hxg5 dxe3 28. f4 d5 29. Re2 d4 30. Be4 Rd8 31. Qb2 b5 32. axb5 axb5 33. Bd5 bxc4 34. bxc4 Rxc4 35. Rxd4 Rxd4 36. Qxd4 Qc5 37. Qxc5 Bxc5 38. Bc4 Rd4 39. Bb5 Rb4 40. Ba6 Rb6 41. Bc4 Rb4 42. Ba6 Kg7 43. Kg2 h6 44. gxh6+ Kxh6 45. Kf3 f5 46. Rh2+ Kg7 47. Rc2 Bb6 48. Rc8 Rb2 49. Be2 Rd2 50. Rc6 Bd4 1/2-1/2

[Event "Bodensee-Cup 18th"]
[Site "Lindau"]
[Date "2012.05.05"]
[Round "2.4"]
[White "Knoedler, Dieter"]
[Black "Graf, Felix"]
[Result "0-1"]
[WhiteElo "2343"]
[BlackElo "2378"]
[PlyCount "124"]
[EventDate "2012.05.04"]
[EventType "team-tourn"]
[EventRounds "3"]
[EventCountry "GER"]
[SourceTitle "EXT 2015"]
[Source "ChessBase"]
[SourceDate "2014.11.20"]
[SourceVersion "1"]
[SourceVersionDate "2014.11.20"]
[SourceQuality "1"]
[WhiteTeam "Wuerttemberg"]
[BlackTeam "Bayern"]
[WhiteTeamCountry "GER"]
[BlackTeamCountry "GER"]

1. c4 c6 2. g3 d5 3. Nf3 Bg4 4. Bg2 e6 5. cxd5 Bxf3 6. Bxf3 cxd5 7. Nc3 Nc6 8. d3 Nf6 9. 0-0 Be7 10. Bf4 0-0 11. Qa4 a6 12. Rfc1 b5 13. Qd1 Rc8 14. a3 Nd7 15. b4 Nb6 16. Rab1 Bg5 17. Bxg5 Qxg5 18. e3 Qf6 19. d4 Nc4 20. a4 Rb8 21. axb5 axb5 22. Be2 Qe7 23. Rb3 Rb6 24. Ra1 Rfb8 25. Bf3 Qd6 26. Bg2 g6 27. Bf1 h5 28. Kg2 Kg7 29. Be2 Ne7 30. Rbb1 Rc6 31. Bxc4 Rxc4 32. Qd3 Rxb4 33. Rxb4 Qxb4 34. Ra6 Qc4 35. Qxc4 bxc4 36. Ra3 Nf5 37. Kf1 Nd6 38. Nd1 Kf6 39. Ke1 Ne4 40. f3 Nd6 41. Kd2 g5 42. Ra6 Nf5 43. Ra2 g4 44. Ke2 Rb3 45. Rd2 Ra3 46. Kf2 Ke7 47. Ke2 Kd7 48. Rc2 gxf3+ 49. Kf2 Rd3 50. Rc1 Rd2+ 51. Kxf3 Rxh2 52. Nf2 Nd6 53. Ra1 f5 54. Ra5 Ke7 55. Ra8 Kf6 56. Rf8+ Kg7 57. Rd8 Nf7 58. Re8 Ng5+ 59. Kf4 Kf6 60. Rf8+ Ke7 61. Rc8 Rxf2+ 62. Kxg5 Rf3 0-1

[Event "Bodensee-Cup 18th"]
[Site "Lindau"]
[Date "2012.05.04"]
[Round "1.4"]
[White "Carron, Julien"]
[Black "Knoedler, Dieter"]
[Result "1-0"]
[WhiteElo "2372"]
[BlackElo "2343"]
[PlyCount "79"]
[EventDate "2012.05.04"]
[EventType "team-tourn"]
[EventRounds "3"]
[EventCountry "GER"]
[SourceTitle "EXT 2015"]
[Source "ChessBase"]
[SourceDate "2014.11.20"]
[SourceVersion "1"]
[SourceVersionDate "2014.11.20"]
[SourceQuality "1"]
[WhiteTeam "Switzerland"]
[BlackTeam "Wuerttemberg"]
[WhiteTeamCountry "SUI"]
[BlackTeamCountry "GER"]

1. d4 e6 2. c4 Nf6 3. g3 Bb4+ 4. Bd2 Qe7 5. Nf3 0-0 6. Bg2 Bxd2+ 7. Qxd2 d5 8. 0-0 Rd8 9. Qc2 Nc6 10. Rd1 Bd7 11. a3 a5 12. b3 Ne4 13. Nc3 Nxc3 14. Qxc3 Be8 15. e3 f6 16. Ne1 Ra7 17. Nd3 Bf7 18. cxd5 exd5 19. Rdc1 Rd6 20. b4 axb4 21. axb4 Rxa1 22. Rxa1 Nd8 23. b5 g5 24. Ra7 Rb6 25. Qc5 Qd7 26. Ra5 Kg7 27. Nb4 Rd6 28. Qc3 Rb6 29. Qc5 Rd6 30. Qc3 Rb6 31. Bf1 Rd6 32. Nd3 Be8 33. Nc5 Qe7 34. Ra8 Bf7 35. Rb8 Rb6 36. Rc8 Rd6 37. Bh3 Rb6 38. Qa5 Ne6 39. Bxe6 Bxe6 40. Rxc7 1-0

[Event "SUI-chT"]
[Site "Switzerland"]
[Date "2009.10.17"]
[Round "8.3"]
[White "Papa, Severin"]
[Black "Knoedler, Dieter"]
[Result "1-0"]
[WhiteElo "2449"]
[BlackElo "2359"]
[PlyCount "73"]
[EventDate "2009.02.22"]
[EventType "team-tourn"]
[EventRounds "9"]
[EventCountry "SUI"]
[SourceTitle "EXT 2011"]
[Source "ChessBase"]
[SourceDate "2010.11.26"]
[SourceVersion "1"]
[SourceVersionDate "2010.11.26"]
[SourceQuality "1"]
[WhiteTeam "Luzern"]
[BlackTeam "Bodan"]
[WhiteTeamCountry "SUI"]
[BlackTeamCountry "SUI"]

1. Nf3 Nf6 2. c4 e6 3. Nc3 c5 4. e3 Nc6 5. d4 d5 6. a3 a6 7. dxc5 Bxc5 8. b4 Ba7 9. Bb2 0-0 10. Rc1 d4 11. exd4 Nxd4 12. Nxd4 Bxd4 13. Be2 e5 14. Qc2 Be6 15. 0-0 Qe7 16. Rfe1 Rad8 17. Rcd1 Qc7 18. c5 Rfe8 19. Bf3 Qc8 20. Ne4 Nxe4 21. Bxe4 g6 22. h3 Qc7 23. Bxd4 exd4 24. Qd3 f5 25. Bf3 Qf7 26. Re5 Qd7 27. c6 bxc6 28. Rc5 Qf7 29. Bxc6 Re7 30. Qxa6 Bb3 31. Qb6 Qf8 32. Rb1 Bf7 33. Rcc1 d3 34. Rd1 d2 35. Bf3 Qe8 36. Kh2 Re1 37. Rxe1 1-0

[Event "SUI-chT"]
[Site "Switzerland"]
[Date "2009.09.06"]
[Round "7.3"]
[White "Knoedler, Dieter"]
[Black "Moor, Olivier"]
[Result "0-1"]
[WhiteElo "2359"]
[BlackElo "2368"]
[PlyCount "80"]
[EventDate "2009.02.22"]
[EventType "team-tourn"]
[EventRounds "9"]
[EventCountry "SUI"]
[SourceTitle "EXT 2011"]
[Source "ChessBase"]
[SourceDate "2010.11.26"]
[SourceVersion "1"]
[SourceVersionDate "2010.11.26"]
[SourceQuality "1"]
[WhiteTeam "Bodan"]
[BlackTeam "Wollishofen"]
[WhiteTeamCountry "SUI"]
[BlackTeamCountry "SUI"]

1. Nf3 Nf6 2. c4 e6 3. g3 d5 4. Bg2 Be7 5. 0-0 0-0 6. b3 b6 7. Bb2 Bb7 8. e3 Nbd7 9. d3 c5 10. Nc3 Qc7 11. Qe2 Rad8 12. Rac1 Qb8 13. Rfd1 Rfe8 14. cxd5 Nxd5 15. Nxd5 Bxd5 16. e4 Bb7 17. a3 Qa8 18. Ne1 a5 19. a4 Bf6 20. e5 Be7 21. Bxb7 Qxb7 22. Qf3 Qxf3 23. Nxf3 Nb8 24. Rc4 Rd5 25. Kf1 Nc6 26. Ke2 Red8 27. Re4 h5 28. h3 g6 29. h4 Bf8 30. Ne1 Bg7 31. f4 Ne7 32. Re3 Nf5 33. Rf3 Rb8 34. Nc2 b5 35. Ba1 bxa4 36. bxa4 Rb3 37. d4 Nxg3+ 38. Rxg3 Rxg3 39. Ne3 Rd8 40. dxc5 Rxe3+ 0-1

[Event "Zuerich Jubilee op"]
[Site "Zuerich"]
[Date "2009.08.12"]
[Round "5"]
[White "Knoedler, Dieter"]
[Black "Shchekachev, Andrei"]
[Result "0-1"]
[WhiteElo "2366"]
[BlackElo "2530"]
[PlyCount "76"]
[EventDate "2009.08.09"]
[EventType "swiss"]
[EventRounds "9"]
[EventCountry "SUI"]
[SourceTitle "CBM 131 Extra"]
[Source "ChessBase"]
[SourceDate "2009.09.03"]
[SourceVersion "2"]
[SourceVersionDate "2009.09.16"]
[SourceQuality "1"]

1. Nf3 c5 2. c4 g6 3. g3 Bg7 4. Bg2 Nc6 5. Nc3 d6 6. 0-0 e6 7. a3 Nge7 8. Rb1 0-0 9. b4 b6 10. Qb3 Bb7 11. d3 Nf5 12. e3 Qd7 13. Bb2 Nfe7 14. Rfd1 Rad8 15. Ne2 e5 16. Bc3 Nf5 17. Qb2 Rde8 18. bxc5 dxc5 19. a4 Qc7 20. Nd2 Nfd4 21. Nc1 Ba8 22. Qa2 Ne6 23. a5 bxa5 24. Rb5 a6 25. Bxa5 Nxa5 26. Rxa5 Bxg2 27. Kxg2 Qc6+ 28. Kg1 Ra8 29. Ncb3 Rfb8 30. Ne4 f5 31. Nexc5 Qf3 32. Rd2 Ng5 33. h4 Nh3+ 34. Kh2 g5 35. Rxa6 gxh4 36. gxh4 Kh8 37. Ne6 Rxa6 38. Qxa6 Nxf2 0-1

[Event "SUI-chT"]
[Site "Switzerland"]
[Date "2009.02.22"]
[Round "1.2"]
[White "Knoedler, Dieter"]
[Black "Ekstroem, Roland"]
[Result "1-0"]
[WhiteElo "2359"]
[BlackElo "2516"]
[PlyCount "89"]
[EventDate "2009.02.22"]
[EventType "team-tourn"]
[EventRounds "9"]
[EventCountry "SUI"]
[SourceTitle "EXT 2011"]
[Source "ChessBase"]
[SourceDate "2010.11.26"]
[SourceVersion "1"]
[SourceVersionDate "2010.11.26"]
[SourceQuality "1"]
[WhiteTeam "Bodan"]
[BlackTeam "Riehen"]
[WhiteTeamCountry "SUI"]
[BlackTeamCountry "SUI"]

1. c4 e6 2. Nf3 d5 3. g3 dxc4 4. Qc2 Nd7 5. Bg2 c5 6. a4 Ngf6 7. Na3 b6 8. Nxc4 Bb7 9. d3 Be7 10. 0-0 0-0 11. Qb3 a6 12. e4 Rc8 13. Rd1 Ba8 14. Bf4 Nh5 15. Be3 Nhf6 16. h3 Qc7 17. Bf4 Qa7 18. g4 h6 19. Bg3 Rfd8 20. Ne1 Ne8 21. Nc2 Bf6 22. f4 Bc6 23. Kh2 Rb8 24. Rd2 Be7 25. f5 exf5 26. gxf5 Rbc8 27. N2e3 Bg5 28. Re2 Qa8 29. Nd5 Bxd5 30. exd5 Qa7 31. d6 Nf8 32. Rae1 b5 33. axb5 axb5 34. Qxb5 Rb8 35. Qc6 Nf6 36. h4 N8h7 37. hxg5 Nxg5 38. Bf4 Rb3 39. Bxg5 hxg5 40. Re7 Qb8 41. Rb7 Rxb7 42. Qxb7 Qxb7 43. Bxb7 Ne8 44. Rxe8+ Rxe8 45. d7 1-0

[Event "Zuerich op-A 32nd"]
[Site "Zuerich"]
[Date "2008.12.29"]
[Round "5"]
[White "Jenni, Florian"]
[Black "Knoedler, Dieter"]
[Result "1-0"]
[WhiteElo "2543"]
[BlackElo "2386"]
[PlyCount "93"]
[EventDate "2008.12.26"]
[EventType "swiss"]
[EventRounds "7"]
[EventCountry "SUI"]
[SourceTitle "CBM 127 Extra"]
[Source "ChessBase"]
[SourceDate "2009.01.08"]
[SourceVersion "2"]
[SourceVersionDate "2009.01.28"]
[SourceQuality "1"]

1. Nf3 e6 2. g3 Nf6 3. Bg2 c5 4. 0-0 Nc6 5. c4 d5 6. cxd5 exd5 7. d4 Be7 8. dxc5 Bxc5 9. a3 0-0 10. b4 Bb6 11. Nc3 h6 12. Na4 Be6 13. Bb2 Ne4 14. Nxb6 Qxb6 15. Nd4 Nxd4 16. Bxd4 Qb5 17. Qc2 Nd6 18. Rfd1 Rfd8 19. Qb2 Nf5 20. a4 Qe8 21. a5 Qb5 22. e3 b6 23. Bf1 Qc6 24. b5 Qb7 25. axb6 Nxd4 26. Qxd4 axb6 27. Ra6 Rab8 28. Rc1 Bd7 29. h4 Be8 30. Bd3 Rd6 31. e4 Rdd8 32. e5 Bd7 33. Kh2 Rdc8 34. Rxc8+ Bxc8 35. Ra2 Bd7 36. f4 Rc8 37. f5 Rc5 38. f6 g6 39. Qf4 Kh7 40. h5 Be6 41. Rf2 Rc7 42. Qb4 Rc5 43. Qb1 d4 44. hxg6+ fxg6 45. Bxg6+ Kg8 46. Bf5 Rxe5 47. Bxe6+ 1-0

[Event "Zuerich op-A 32nd"]
[Site "Zuerich"]
[Date "2008.12.27"]
[Round "3"]
[White "Knoedler, Dieter"]
[Black "Georgiev, Vladimir"]
[Result "0-1"]
[WhiteElo "2386"]
[BlackElo "2517"]
[PlyCount "70"]
[EventDate "2008.12.26"]
[EventType "swiss"]
[EventRounds "7"]
[EventCountry "SUI"]
[SourceTitle "CBM 127 Extra"]
[Source "ChessBase"]
[SourceDate "2009.01.08"]
[SourceVersion "2"]
[SourceVersionDate "2009.01.28"]
[SourceQuality "1"]

1. Nf3 Nf6 2. c4 d6 3. g3 g6 4. Bg2 Bg7 5. Nc3 0-0 6. 0-0 c6 7. d3 Re8 8. Rb1 d5 9. e4 dxe4 10. dxe4 Qxd1 11. Rxd1 Nfd7 12. Be3 Bxc3 13. bxc3 Na6 14. e5 Nb6 15. Bxb6 axb6 16. Nd4 Nc5 17. Nxc6 bxc6 18. Bxc6 Bf5 19. Ra1 Red8 20. Bxa8 Rxa8 21. a3 Bd3 22. a4 Bxc4 23. a5 bxa5 24. Ra3 a4 25. Rd4 Bb3 26. f4 h5 27. Kf2 Ne6 28. Rd3 Nc7 29. Ra1 Nb5 30. Ke3 a3 31. Kd2 Kf8 32. Kc1 Ke8 33. Kd2 Bc4 34. Re3 a2 35. Re4 Na3 0-1

[Event "Zuerich op-A 31th"]
[Site "Zuerich"]
[Date "2007.12.30"]
[Round "7"]
[White "Wyss, Thomas"]
[Black "Knoedler, Dieter"]
[Result "0-1"]
[WhiteElo "2266"]
[BlackElo "2371"]
[PlyCount "64"]
[EventDate "2007.12.26"]
[EventType "swiss"]
[EventRounds "7"]
[EventCountry "SUI"]
[SourceTitle "CBM 122 Extra"]
[Source "ChessBase"]
[SourceDate "2008.03.04"]
[SourceVersion "1"]
[SourceVersionDate "2008.03.04"]
[SourceQuality "1"]

1. e4 e6 2. d4 d5 3. Nc3 Bb4 4. e5 c5 5. a3 Bxc3+ 6. bxc3 Ne7 7. h4 Nbc6 8. h5 Qa5 9. Bd2 Bd7 10. Nf3 0-0-0 11. Bd3 c4 12. Be2 Rdf8 13. h6 gxh6 14. Bxh6 Rfg8 15. Qd2 Rxg2 16. Ng5 Rg8 17. Kf1 R2xg5 18. Bxg5 Rxg5 19. Qxg5 Qxc3 20. Rd1 Qxc2 21. Qg7 Nf5 22. Qxf7 h6 23. Rg1 Qb2 24. Bxc4 dxc4 25. d5 Qc2 26. Qh5 exd5 27. Rxd5 Nce7 28. Rc5+ Bc6 29. Rxc6+ bxc6 30. Qe8+ Kc7 31. Qa8 Nc8 32. Rg8 Qd1+ 0-1